000 00893nam a2200229 a 4500
001 71043
003 BD-RjUL
005 20211209082054.0
008 170423s2007 bg a|||| |||| 000 0 ben d
020 _a9840745778
_c: Tk. 120.00
035 _a(BD-RjUL)71257
040 _aBD-RjUL
_bben
_cBD-RjUL
_dBD-RjUL
041 _aben
082 _223
_a631.58705492
_bSHB 2007
100 1 _aশাহ্, আহমেদ হোসেন
_9210183
245 1 0 _aবাংলাদেশের সেচ ব্যবস্থা /
_cআহমেদ হোসেন শাহ্
260 _aঢাকা :
_bবাংলা একাডেমী,
_c২০০৭ [১৪১৪]
300 _a১৮৪ পৃ. :
_bচিত্র. ;
_c২৬ সেমি.
650 _aসেচ ব্যবস্থা
_zবাংলাদেশ
_9210184
650 _aIrrigation
_z Bangladesh
_9116708
942 _2ddc
_cBK
999 _c71043
_d71043